000 00502nam a2200169 i 4500
001 79518
003 ES-MaACL
005 20230906174008.0
007 t|
008 041021s1972 sp ||||1| spa d
100 1 _aHerbert, Wally.
_962662
245 1 0 _aDesiertos polares /
_cWally Herbert ; [traducción de María Pilar Gallego].
260 _aBarcelona :
_bNoguer,
_c[1972]
300 _a127 p. :
_bil. ;
_c26 cm.
700 1 _aGallego, María Pilar.
_953540
852 _aES-MaACL
_jC-43436
_bR.82812
999 _c79518
_d79518